Já estás a dormir Senhor Croc? (Registo nº 981)
[ vista simples ]
| 000 -Etiqueta do registo | |
|---|---|
| Cabeçalho | 00687nam0a2200277 i 4500 |
| 005 - Identificador da versão | |
| Campo de controlo | 20240813121820.0 |
| 010 ## - Número internacional normalizado dos livros (ISBN) | |
| Número (ISBN) | 978972793098 |
| 021 ## - Número do Depósito Legal | |
| Código do país | PT |
| 035 ## - Other System Control Numbers | |
| System Control Number | 0001046 |
| System Control Number | 0001029 |
| 100 ## - Dados gerais de processamento | |
| Dados gerais de processamento | 20091210d 2009c y0pory5003 ba |
| 102 ## - Pais de publicação ou produção | |
| País de publicação | Portugal |
| 101 1# - Língua de publicação | |
| Língua do texto, banda sonora, etc. | Português |
| Língua do documento no original | Inglês |
| 106 ## - Campo de dados codificados: material textual | |
| Dados codificados do material textual | r |
| 105 ## - Campo de dados codificados: livros | |
| Dados codificados dos livros | a z 001yy |
| 215 ## - Descrição física | |
| Outras indicações físicas | il. |
| 200 1# - Titulo e menção de responsabilidade | |
| Título próprio | Já estás a dormir Senhor Croc? |
| Primeira menção de responsabilidade | Jo Lodge |
| Outras menções de responsabilidade | trad. Pedro Costa |
| 210 ## - Publicação, Distribuição, etc. | |
| Lugar da edição, distribuição, etc. | Lisboa |
| Nome do editor, distribuidor, etc. | Minutos de Leitura |
| Data da publicação, distribuição, etc. | 2009 |
| 304 ## - Notas relativas a título e menção de responsabilidade | |
| Texto da nota | Tít. orig.: Sleepy or not, Mr. Croc? |
| 675 ## - Classificação Decimal Universal (CDU) | |
| Notação | 82-93 |
| Edição | BN |
| Língua da edição | por |
| 700 #0 - Nome de autor-pessoa física (responsabilidade principal) | |
| Número de registo de entrada de autoridade | 0001310 |
| Palavra de ordem | Lodge |
| Outra parte do nome não tomada para palavra de ordem | Jo |
| 942 ## - Elementos de entrada adicionados (Koha) | |
| Tipo de item no Koha | Livro |
| Situação do levantamento | Origin of item (home branch) (coded) | Biblioteca de empréstimo | Código de barras | Cota | Circulation type (not for loan) | Tipo de documento | Nota do exemplar | Damaged status |
|---|---|---|---|---|---|---|---|---|
| Biblioteca Escolar Eng. Nuno Mergulhão | Biblioteca Escolar Eng. Nuno Mergulhão | BENM1732 | 8EST LOD | Livro | Sem mensagem |
